000 00791nam a22002412 4500
001 32276
003 BD-RjUL
005 20211209051818.0
008 140424s19521944e 001 0 eng d
035 _aOCLC ocm03028994 from D961004M
_a(BD-RjUL)32365
040 _aOCP
_cOCP
_dBD-RjUL
_beng
041 _aeng
082 _a150
_bSAT 1952
100 1 _aSargent, William Ewart.
_998182
245 1 0 _aTeach yourself psychology /
_cby W. E. Sargent.
260 _aLondon :
_bPub. by Hodder and Stoughton limited for the English universities press ltd.,
_c1944 [Impression 1952].
300 _a159 p. ;
_c18 cm.
490 0 _aTeach yourself books
500 _aOn spine: Psychology.
504 _aIncludes index and Bibliography: p. 156.
650 _a Psychology
_998183
942 _2ddc
_cBK
999 _c32276
_d32276